Análisis económico del Derecho : una introducción /
Guardado en:
| Autor Principal: | |
|---|---|
| Formato: | Libro |
| Idioma: | Spanish |
| Publicado: |
Buenos Aires :
Abeledo Perrot,
2011
|
| Edición: | 1a. ed. |
| Materias: | |
| Etiquetas: |
Agregar Etiqueta
Sin Etiquetas, Sea el primero en etiquetar este registro!
|
| LEADER | 00506nam a22001695a 4500 | ||
|---|---|---|---|
| 001 | DER.der012502 | ||
| 008 | 180615s2011####ag#||||||||||||||#||spa|| | ||
| 005 | 20251203151510.0 | ||
| 245 | 1 | 0 | |a Análisis económico del Derecho : |b una introducción / |c Eduardo Stordeur. |
| 250 | |a 1a. ed. | ||
| 260 | |a Buenos Aires : |b Abeledo Perrot, |c 2011 | ||
| 300 | |a 414 p. | ||
| 020 | |a 9789502022734 | ||
| 100 | 1 | |a Stordeur, Eduardo | |
| 650 | 7 | |a DERECHO ECONÓMICO | |
| 650 | 7 | |a DAÑOS | |
| 859 | |a DERECHO |b BIB. DERECHO |h 340.1 |i STO |p 007328 | ||
